00708cam a2200217 i 4500020001800000020001500018041000800033082002400041100002200065245003200087260003800119300005600157650001700213650003100230650002600261650003200287650002700319942000700346952012000353999001700473 a9788194925880 a8194925886 aENG04a294.5512095482bYOU1 aYoung, Katherine,10aTurbulent transformations : aHyderabadbOrient BlackSwanc2021 axiv, 399 pages :billustrations (black and white) ; 0aVaishnavites 0aCaste-based discrimination 0aHinduism and politics 7aCaste-based discrimination. 7aHinduism and politics. cBK 00104070aHMIbHMIcGENd2023-12-05eOrient BlackSwang1050.00l0o294.551 YOUp25964r2024-06-06w2024-06-06yBK c23474d23474